Sports Quiz

Random Sports or Alphabet Quiz

NFL Teams 6 to 1 Blitz Quiz Stats

Quiz Updated Aug 31, 2017

Challenge
Share
Tweet
Embed
Score 0/21 Timer 02:00
7 Plays Today
% Correct
Titans
89.4%
Lions
89.2%
Patriots
87.1%
Bears
84.5%
Bengals
83.5%
Browns
83.2%
Raiders
82.6%
Chargers
81.8%
Texans
80.8%
Bills
79.5%
Panthers
78.7%
% Correct
Broncos
77.6%
Buccaneers
77.3%
Packers
76.6%
Cowboys
76.5%
Rams
76.3%
Colts
75.6%
Ravens
75.4%
Cardinals
75%
Redskins
72%
Chiefs
70.6%

You're not logged in!

Compare scores with friends on all Sporcle quizzes.
Sign Up with Email
OR
Log In

You Might Also Like...

Show Comments

Extras

Top Quizzes Today


Score Distribution

Your Account Isn't Verified!

In order to create a playlist on Sporcle, you need to verify the email address you used during registration. Go to your Sporcle Settings to finish the process.